Top 300 7 Letter Baby Girl Names 2012 (UK) Quiz Stats

 Plays Quiz not verified by Sporcle

Also try: Aqua-Themed Trivia
Challenge
Share
Tweet
Embed
Score 0/300 Timer 20:00
0 Plays Today
Rank Name % Correct
231Natalie
91.6%
3Jessica
90.7%
149Natalia
88.1%
44Abigail
87.1%
108Rebecca
86.8%
192Melissa
84.2%
55Georgia
83.4%
75Madison
82.7%
857Isabell
82.6%
63Eleanor
80.4%
45Jasmine
79.2%
109Annabel
79.1%
246Natasha
78.9%
73Bethany
77.8%
349Lillian
77.8%
206Kaitlyn
76.9%
97Caitlin
76.5%
1130Isabela
75.7%
225Caitlyn
75.4%
423Arianna
75.3%
322Vanessa
75%
390Katelyn
73.7%
529Kaitlin
73.4%
663Melanie
73.4%
282Liliana
73%
67Harriet
72.8%
483Adriana
72.5%
654Savanna
71.8%
573Daniela
71.7%
158Scarlet
70.9%
493Frances
70.6%
844Rachael
70.3%
267Destiny
69.6%
493Brianna
68.8%
975Mariana
68.2%
1342Juliana
68.2%
600Kathryn
67.3%
47Matilda
67.2%
514Rebekah
66.1%
1037Madelyn
64.7%
125Aaliyah
64.5%
308Tiffany
64%
812Heather
63.8%
181Tabitha
63.4%
331Charlie
63.4%
202Georgie
62.8%
379Shannon
62.8%
639Camilla
62.5%
1075Jocelyn
61.2%
215Lily-Mae
60.9%
255Lily-May
60.9%
336Harmony
60.8%
326Chelsea
60.3%
556Addison
60.2%
341Crystal
59.9%
709Dorothy
59.9%
614Yasmine
59.7%
701Marissa
59.7%
272Beatrix
59.6%
238Delilah
59%
522Rosalie
59%
1720Kristen
59%
738Jazmine
58.9%
173Frankie
57.7%
874Katrina
57.6%
277Claudia
57.3%
357Charley
57.3%
887Camille
57.3%
1483Theresa
57.1%
738Izabela
56.8%
1130Valerie
56.5%
529Lily-Mai
55.4%
1150Kirsten
55.2%
844Ella-May
53.8%
690Ella-Mae
53.5%
607Trinity
53.2%
749Makayla
53.2%
509Sabrina
52.2%
663Cassidy
51.9%
522Rihanna
51.7%
407Ava-Rose
51.3%
1099Susanna
51.3%
1387Melodie
50.9%
934Ella-Mai
49.9%
998Rhianna
49.9%
738Mikayla
49.7%
1058Lucinda
49.7%
370Liberty
49.6%
1342Miranda
49.4%
379Aurelia
49.3%
420Evie-Mae
47.7%
812Evie-May
47.7%
975Martina
47.5%
1583Evelynn
47.5%
406Ophelia
47.4%
414Roxanne
47.4%
542Cecilia
46.9%
722Evie-Mai
46.2%
587Deborah
45.6%
1130Barbara
45.5%
Rank Name % Correct
458Mia-Rose
43.9%
504Ruby-Mae
43.8%
1483Johanna
43.6%
454Antonia
43.5%
731Ruby-May
43.5%
1210Eva-Rose
43.5%
1583Lucille
43.5%
1809Suzanna
43.5%
639Krystal
43.3%
1720Adeline
43.3%
509Alannah
43.2%
185Zuzanna
43%
758Bridget
42.6%
825Estelle
42.2%
955Lily-Ann
41.7%
663Elouise
41.3%
1099Ruby-Mai
41.3%
1253Chelsey
40.6%
1297Lola-May
40.6%
738Lola-Mae
40.3%
190Khadija
40.1%
1428Lola-Mai
39.1%
679Indiana
38.8%
443Alyssia
37.8%
758Larissa
37.4%
1210Estella
37.4%
1387Cynthia
36.8%
934Paisley
36.2%
1428Charlee
36.2%
1099Whitney
35.8%
468Saffron
35.5%
1210Lexi-May
35.5%
565Lexi-Mae
35.3%
1387Isla-Mae
35.3%
1649Felicia
35.2%
825Lexi-Mai
34.7%
998Leilani
32.7%
874Rosanna
32.6%
360Fatimah
31.8%
1809Breanna
31.4%
1342Talulah
31.3%
998Tatiana
31%
1150Luciana
31%
1297Lily-Rae
31%
1253Siobhan
30.4%
955Celeste
30.2%
1130Kendall
29.9%
825Kimberly
28.8%
1210Cadence
28.6%
812Alissia
28.2%
1387Giselle
28.2%
1525Matilde
28.2%
565Alessia
27.9%
874Evelina
27.6%
1525Monique
27.6%
1184Roberta
27.3%
1099Arielle
26.7%
1210Florrie
26.6%
1428Cameron
26.6%
1037Beatriz
26.5%
722Elspeth
26.2%
635Ariella
25.9%
1809Candice
25.9%
857Lorelai
25.6%
916Paulina
25%
1342Adelina
25%
1720Brielle
25%
1428Arianne
24.4%
1720Elliana
24.1%
1037Ameerah
23.7%
390Aaminah
23.4%
635Orlaith
23.4%
874Ottilie
23.3%
1099Ava-Lily
22.7%
1809Coralie
22.7%
731Allegra
22.2%
1720Elyssia
21.8%
934Safiyah
21.2%
1150Octavia
21.2%
1809Mya-Rose
21.1%
801Phoenix
20.9%
1150Aisling
20.6%
1253Ivy-Rose
20.5%
663Caoimhe
20.3%
1387Mariama
20.2%
1342Bronwyn
19.9%
1525Queenie
19.8%
1483Jasmina
19.6%
738Saoirse
19.2%
758Jemimah
19%
1720Yasmina
18.9%
934Lorelei
18.8%
1583Ameliah
18.6%
414Malaika
18.5%
844Lavinia
18.5%
712Martyna
17.9%
801Aleesha
17.6%
1483Ariadne
17.6%
1649Ryleigh
17.3%
1387Bronwen
17%
Rank Name % Correct
503Blossom
16.9%
556Emilija
16.3%
1075Aleisha
16.3%
1525Lexi-Rae
16.3%
1720Elissia
16.3%
1428Chelsee
16.1%
1525Mia-Lily
16%
812Anushka
15.3%
1428Tabatha
14.8%
475Alishba
14.5%
1583Maryama
14.5%
509Tanisha
14.1%
1583Safiyya
14.1%
1649Natalya
14.1%
1099Inaayah
14%
679Klaudia
13.8%
1210Sumayah
13.7%
934Fathima
12.9%
1342Ruqayya
12.8%
1037Janelle
12.5%
1583Sumayya
12.2%
410Haleema
12.1%
556Mahnoor
10.6%
1649Ashanti
10.3%
779Halimah
10.2%
1483Leticia
10.2%
1720Mikaela
10%
1099Isadora
9.4%
844Mariyah
9.3%
1525Cherish
9%
934Romilly
8.7%
1583Miracle
8.4%
1809Elsbeth
7.8%
731Anniyah
7.4%
1075Shanice
7.1%
1075Samanta
7%
1809Phoebie
6.8%
1210Matylda
6.7%
1037Tasneem
6.5%
874Jasleen
6.4%
1150Bluebell
6.3%
1809Amelija
6.3%
1809Pandora
6.1%
779Mehreen
5.8%
1649Giorgia
5.8%
857Gurleen
5.2%
1583Aaleyah
5.1%
1809Jasmeen
4.8%
1583Natasza
4.1%
647Harleen
3.9%
1210Roksana
3.8%
1342Muskaan
3.6%
1184Zunaira
3.1%
1649Maariya
3.1%
779Humaira
2.6%
857Taliyah
2.6%
1649Peaches
2.6%
1018Shakira
2.5%
1297Andreea
2.2%
1809Latisha
2.2%
779Eiliyah
1.9%
857Rumaysa
1.9%
1018Austeja
1.7%
1342Shaniya
1.7%
916Sumaiya
1.5%
1130Shanaya
1.5%
1387Talisha
1.5%
1720Shyanne
1.5%
1058Minahil
1.3%
1130Manahil
1.3%
1253Haniyah
1.3%
1720Hadiyah
1.3%
998Laaibah
1.2%
1649Alethea
1%
1720Teodora
1%
975Rumaisa
0.9%
1342Aasiyah
0.7%
1483Elektra
0.7%
1428Samaira
0.6%
1483Areesha
0.6%
1099Mahdiya
0.4%
1342Umaymah
0.4%
1583Lowenna
0.4%
1583Shivani
0.4%
1649Fareeha
0.4%
1649Tulisha
0.4%
1809Andreja
0.4%
1130Maleeha
0.3%
1210Sameeha
0.3%
1428Jasmeet
0.3%
1428Suraiya
0.3%
1525Javeria
0.3%
1525Madeeha
0.3%
1525Romeesa
0.3%
1583Muntaha
0.3%
1649Ayomide
0.3%
1720Nabeeha
0.3%
1809Ibtisam
0.3%
1809Nafeesa
0.3%
1809Shreeya
0.3%

You're not logged in!

Compare scores with friends on all Sporcle quizzes.
Join for Free
OR
Log In

You Might Also Like...

Show Comments

Extras

Created May 23, 2014ReportFavoriteNominate
Tags:Baby Names Quiz

Top Quizzes Today


Score Distribution

Your Account Isn't Verified!

In order to create a playlist on Sporcle, you need to verify the email address you used during registration. Go to your Sporcle Settings to finish the process.

Report this User

Report this user for behavior that violates our Community Guidelines.

Details: